<?xml version="1.0" encoding="UTF-8"?>
<record
    xmlns:xsi="http://www.w3.org/2001/XMLSchema-instance"
    xsi:schemaLocation="http://www.loc.gov/MARC21/slim http://www.loc.gov/standards/marcxml/schema/MARC21slim.xsd"
    xmlns="http://www.loc.gov/MARC21/slim">

  <leader>00600nam a22001817a 4500</leader>
  <controlfield tag="003">OSt</controlfield>
  <controlfield tag="005">20131204154518.0</controlfield>
  <controlfield tag="008">131009b        xxu||||| |||| 00| 0 eng d</controlfield>
  <datafield tag="024" ind1=" " ind2=" ">
    <subfield code="2">Dip&#xF3;sit Legal</subfield>
    <subfield code="a">M.5.735.--1966</subfield>
  </datafield>
  <datafield tag="040" ind1=" " ind2=" ">
    <subfield code="c">Centre de documentaci&#xF3; Montserrat Roig</subfield>
    <subfield code="b">cat</subfield>
  </datafield>
  <datafield tag="100" ind1=" " ind2=" ">
    <subfield code="9">4035</subfield>
    <subfield code="a">Mel&#xF3;n Mart&#xED;nez, Enrique</subfield>
  </datafield>
  <datafield tag="245" ind1=" " ind2=" ">
    <subfield code="a">As&#xED; es la televisi&#xF3;n</subfield>
    <subfield code="c">Enrique Mel&#xF3;n Mart&#xED;nez</subfield>
  </datafield>
  <datafield tag="260" ind1=" " ind2=" ">
    <subfield code="c">1966</subfield>
    <subfield code="a">Madrid [etc.]</subfield>
    <subfield code="b">RIALP</subfield>
  </datafield>
  <datafield tag="300" ind1=" " ind2=" ">
    <subfield code="a">132 p.</subfield>
    <subfield code="b">il. b/n</subfield>
  </datafield>
  <datafield tag="490" ind1="0" ind2=" ">
    <subfield code="a">Libros de Periodismo RIALP. </subfield>
    <subfield code="a">Manuales y Libros T&#xE9;cnicos</subfield>
  </datafield>
  <datafield tag="650" ind1="0" ind2="4">
    <subfield code="9">4375</subfield>
    <subfield code="a">Televisi&#xF3;</subfield>
    <subfield code="x">Manuals, guies, etc</subfield>
  </datafield>
  <datafield tag="942" ind1=" " ind2=" ">
    <subfield code="2">udc</subfield>
    <subfield code="c">MON</subfield>
  </datafield>
  <datafield tag="999" ind1=" " ind2=" ">
    <subfield code="c">6633</subfield>
    <subfield code="d">6633</subfield>
  </datafield>
  <datafield tag="952" ind1=" " ind2=" ">
    <subfield code="0">0</subfield>
    <subfield code="1">0</subfield>
    <subfield code="4">0</subfield>
    <subfield code="7">0</subfield>
    <subfield code="a">CDMR</subfield>
    <subfield code="b">CDMR</subfield>
    <subfield code="d">2013-01-16</subfield>
    <subfield code="l">1</subfield>
    <subfield code="m">1</subfield>
    <subfield code="o">Fe /17</subfield>
    <subfield code="p">CDMR13108189J</subfield>
    <subfield code="r">2026-04-20</subfield>
    <subfield code="s">2026-03-09</subfield>
    <subfield code="w">2013-10-09</subfield>
    <subfield code="y">MON</subfield>
  </datafield>
</record>
